| 000 | 00905cam a2200241 4500 | ||
|---|---|---|---|
| 001 | ABS65061 | ||
| 008 | 020208n2001 000 0 eng u | ||
| 035 | _a(Sirsi) u116668 | ||
| 100 | _aMcCracken, R | ||
| 245 | _aStatutory nuisance (6): section 82 proceedings | ||
| 260 | _c2001 | ||
| 490 |
_aSolicitors' Journal _v145(47) |
||
| 520 | _aA look at proceedings brought by an individual under the Environmental Protection Act 1990 s82. S82 gives any person aggrieved by the existence of a statutory nuisance a right to take proceedings in the magistrates' court. Describes the procedures that need to be followed with reference to case law. | ||
| 590 | _aABS | ||
| 650 | _aENVIRONMENTAL PROTECTION ACT 1990 S82 | ||
| 650 | _aSTATUTORY NUISANCE | ||
| 650 | _aLEGAL PROCEEDINGS | ||
| 650 | _aAGGRIEVED PERSON | ||
| 690 | _aLAW-UK | ||
| 700 | _aJones, G | ||
| 700 | _aPereira, J | ||
| 942 | _n0 | ||
| 999 |
_c69480 _d69480 |
||